[Event "Almansa op-B"]
[Site "Almansa"]
[Date "2013.08.08"]
[Round "5.1"]
[White "Moreno Brocalero, Edgar"]
[Black "Ceron Carrion, Cesar"]
[Result "0-1"]
[WhiteElo "1827"]
[BlackElo "1907"]
[PlyCount "76"]
[EventDate "2013.08.06"]
[EventType "swiss"]
[EventRounds "9"]
[EventCountry "ESP"]
[SourceTitle "EXT 2024"]
[Source "ChessBase"]
[SourceDate "2023.10.10"]
[SourceVersion "1"]
[SourceVersionDate "2023.10.10"]
[SourceQuality "1"]

1. e4 c5 2. Nf3 d6 3. d4 cxd4 4. Qxd4 Nc6 5. Bb5 Bd7 6. Qd3 g6 7. 0-0 Bg7 8. c3 Nf6 9. Nd4 Ne5 10. Qe2 0-0 11. Bxd7 Nfxd7 12. f4 Nc6 13. Nxc6 bxc6 14. Be3 c5 15. Nd2 Qa5 16. Nf3 Rab8 17. Qc2 Nb6 18. Nd2 Na4 19. Rab1 Rb7 20. b4 cxb4 21. cxb4 Rxb4 22. Nc4 Qb5 23. Rxb4 Qxb4 24. Rb1 Nb2 25. Nxb2 Rb8 26. Bxa7 Ra8 27. Nd3 Qxe4 28. Re1 Qd5 29. Rxe7 Rxa7 30. Re8+ Bf8 31. Qc8 Qd4+ 32. Kh1 Qxd3 33. Rxf8+ Kg7 34. Rg8+ Kh6 35. Qc1 Rxa2 36. f5+ Rd2 37. fxg6 Qe2 38. gxf7 Qd1+ 0-1